| 000 | 00506cam a22002052a 4500 | ||
|---|---|---|---|
| 001 | 023695 | ||
| 003 | AR-FADEU | ||
| 008 | 311216n1967####xxu####################dd | ||
| 092 |
_a301.01 _bF889 _eBDT |
||
| 100 | _aFreund, Julien | ||
| 245 | _aSociología de Max Weber | ||
| 260 | _aBarcelona | ||
| 260 | _bPenínsula | ||
| 260 | _c1967 | ||
| 300 | _a259 p | ||
| 440 |
_aHistoria, ciencia, sociedad _n18 |
||
| 500 | _aIncluye bibliografía | ||
| 650 | _aWEBER, MAX-SOCIOLOGIA/BDT/ | ||
| 942 | _cBDT | ||
| 999 |
_c29385 _d29385 |
||